| 000 | 00644nam a2200157Ia 4500 | ||
|---|---|---|---|
| 008 | 140724s9999 xx 000 0 und d | ||
| 050 |
_aNK 9600 _b.G119 2008 |
||
| 100 | _aGabutero, Kristen Dalida. | ||
| 245 |
_a"Chiseled through time (Inukit ng panahon) : _ba video documentary on the wood carving and taka industries and the experiences of the wood carvers and taka makers of Paetem Laguna / _cKristen Dalida Gabutero. |
||
| 260 |
_aLas PiƱas, Philippines : _bSouthville International School and Colleges, _cc2008. |
||
| 300 |
_a115 p. : _bill. ; _c28 cm. |
||
| 521 | _aMedia Arts | ||
| 650 | _aIndustrial | ||
| 942 | _cTH | ||
| 999 |
_c228747 _d228747 |
||